Statistics for Saintly Islands of the Caribbean

Click here to take the quiz!

General Stats

  • This quiz has been taken 19,740 times
    (19,531 since last reset)
  • The average score is 5 of 10

Answer Stats

km2Island% Correct
617Saint Lucia
96%
168Saint Kitts
94%
345Saint Vincent
92%
87Saint Martin
63%
21Saint Barthélemy
34%
51Saint John
32%
81Saint Thomas
29%
214Saint Croix
21%
21Sint Eustatius
13%
26San Andrés
9%

Score Distribution

Percentile by Number Answered

Percent of People with Each Score

Your Score History

You have not taken this quiz since the last reset